书目信息 |
| 题名: |
昆虫记:昆虫王国
|
|
| 作者: | 法布尔 著 | |
| 分册: | ||
| 出版信息: | 北京 北京联合出版社 2015.04 |
|
| 页数: | 406页 | |
| 开本: | 26cm | |
| 丛书名: | ||
| 单 册: | ||
| 中图分类: | Q96-49 | |
| 科图分类: | ||
| 主题词: | 昆虫学 | |
| 电子资源: | ||
| ISBN: | 7-5502-5013-8 | |
| 000 | 00523nam0 2200181 450 | |
| 001 | 80 | |
| 005 | 20160905100936.07 | |
| 010 | @a7-5502-5013-8@dCNY59.00 | |
| 100 | @a20160720d2015 km y0chiy0120 ea | |
| 101 | 0 | @achi |
| 200 | 1 | @a昆虫记:昆虫王国@Akun chong ji:kun chong wang guo@f(法)法布尔著@F(fa)fa bu er zhu |
| 210 | @a北京@c北京联合出版社@d2015.04 | |
| 215 | @a406页@d26cm | |
| 606 | 0 | @a昆虫学 |
| 690 | @aQ96-49@v4 | |
| 701 | 0 | @a法布尔@Afa bu er@4著 |
| 801 | 0 | @aCN@b唐山师范学院图书馆@c20160720 |
| 905 | @aZUCC@dQ96-49@e37 | |
| 昆虫记:昆虫王国/(法)法布尔著.-北京:北京联合出版社,2015.04 |
| 406页;26cm |
| ISBN 7-5502-5013-8:CNY59.00 |
| ● |
| 相关链接 |
|
|
|
|
正题名:昆虫记:昆虫王国
索取号:Q96-49/37
 
预约/预借
| 序号 | 登录号 | 条形码 | 馆藏地/架位号 | 状态 | 备注 |
| 1 | 900330 | 209003308 | 第二样本阅览室/ [索取号:Q96-49/37] | 在馆 | |
| 2 | 900331 | 209003317 | 密集书库-生命科学系/ [索取号:Q96-49/37] | 在馆 | |
| 3 | 900332 | 209003326 | 第三借阅区/ [索取号:Q96-49/37] | 在馆 |